000 00415nam a2200157Ia 4500
008 210210b1984 xxu||||| |||| 00| 0 eng d
020 _a36106293 1
082 _a574.03 DEMP
100 _aDEMPSEY (Michael).
245 _aPurnell's concise dictionary of nature.
260 _aGreat Britain
_bPurnell Books
_c1984
300 _aviii,238
650 _aDictionary Nature
690 _aDictionaries
906 _a043855
999 _c93443
_d93443